| 000 | 00382nam a22001217a 4500 | ||
|---|---|---|---|
| 082 |
_a620.1370278 _bTES _cL-NUST P-04 |
||
| 245 |
_aTesting 7-Wire strand for prestressed concerete pilling _cPreston, H. Kenl |
||
| 260 |
_aChicago _b175w. Jackson boulvard _c1985 |
||
| 300 |
_a23p.: _bill,; _c10cm |
||
| 526 |
_a0 _b0 _c0 _d620_137027800000000_TES |
||
| 650 |
_aNust _96342 |
||
| 942 |
_2ddc _cBK |
||
| 999 |
_c550046 _d550046 |
||